000
00295pam a2200133 a 4500
020
_c
041
_h
100
_a
J. B. Lal,
_e
Author.,
245
_a
Forest Management
_h
Textual Documents
250
_a
1st.
260
_a
[s.l]:
_b
Natraj Publisher Dhar Dun.
300
_a
455.
930
_a
2340
999
_c
248191
_d
248191